Modern methods of valuation (Record no. 276751)

MARC details
000 -LEADER
fixed length control field 00685nam a2200217Ia 4500
008 - FIXED-LENGTH DATA ELEMENTS--GENERAL INFORMATION
fixed length control field 191130s2009##################000#0#eng##
020 ## - INTERNATIONAL STANDARD BOOK NUMBER
ISBN 9780728205086
082 ## - DEWEY DECIMAL CLASSIFICATION NUMBER
Classification number 333.33820941 SHA
100 ## - MAIN ENTRY--AUTHOR NAME
Personal name Shapiro, Eric
245 ## - TITLE STATEMENT
Title Modern methods of valuation
Statement of responsibility, etc by Tony Johnson, Keith Davies, Eric Shapiro
260 ## - PUBLICATION, DISTRIBUTION, ETC. (IMPRINT)
Place of publication London
Name of publisher Estates Gazette
Year of publication 2009
300 ## - PHYSICAL DESCRIPTION
Number of Pages xliv, 701p. : ill
500 ## - GENERAL NOTE
General note includes bibliographical references and index
650 ## - SUBJECT ADDED ENTRY--TOPICAL TERM
Topical Term Real property -- Valuation -- Great Britain
700 ## - ADDED ENTRY--PERSONAL NAME
Personal name Davies, Keith
Personal name Mackmin, David
991 ## -
-- 200428
Holdings
Withdrawn status Lost status Damaged status Not for loan Home library Current library Shelving location Date acquired Full call number Accession Number Price effective from Koha item type
        Anna Centenary Library Anna Centenary Library 4TH FLOOR, A WING 15.10.2020 333.33820941 SHA 340949 15.10.2020 English Books
        Anna Centenary Library Anna Centenary Library 4TH FLOOR, A WING 15.10.2020 333.33820941 SHA 583982 15.10.2020 English Books

Find us on the map